Olympská olympiáda pozáte harpye alebo fúrie?

Bibliographic Details
Main Author: Slobodníková, Kveta (Author)
Format: Article
Language:Slovak
ISSN:0139-911X
Subjects:

MARC

LEADER 00000nab a2200000 a 4500
001 vtls010461185
003 SK-MaSNL
005 20260303093916.0
008 121017 2012xo m 000 0 slo
015 |a SNKBRB 2012/10 
038 |a KEKMK 
040 |a KEKMK  |b slo  |c KEKMK  |e AACR2 
041 |a slo 
044 |a xo  |c SK 
100 1 |a Slobodníková, Kveta  |4 aut  |9 351964 
245 1 0 |a Olympská olympiáda  |b pozáte harpye alebo fúrie?  |c Kveta Slobodníková 
650 0 7 |a literatúra pre deti a mládež  |2 kekmk  |9 21893 
773 |t Slniečko  |g Roč.57, č. 8 (apríl 2003), s.14-15  |x 0139-911X 
958 |a DB 
999 |c 1817813  |d 1819743